Obfuscations of Taylor Swift Songs #1 - Statistics

General Stats
  • This quiz has been taken 102 times
  • The average score is 7 of 15
Answer Stats
Obfuscation Song Title % Correct
A color situated between red and purple Maroon
78%
A thread that is not able to be perceived by the optical organ invisible string
67%
I possess the capacity to achieve it while my organ is shattered I Can Do It With a Broken Heart
66%
An ultimate contact of the lips of two people Last Kiss
64%
The relevant topic is the reason for our incapacity to possess pleasant objects This Is Why We Can't Have Nice Things
58%
Precisely in that locale in which you previously deposited myself right where you left me
55%
Warm period of great pain Cruel Summer
48%
Female child of most advanced age Eldest Daughter
46%
An unending period of coldness and darkness Forever Winter
42%
Vacant vacancy Blank Space
39%
In a location that is not within the sylvan region Out Of The Woods
36%
A moment as captured by a camera designated for smoldering Picture To Burn
35%
The entirety of everything excessively completely All Too Well
25%
Lacking distress Fearless
16%
People of great notability within a region of middling population density Suburban Legends
5%
No matching quizzes found
Score Distribution
Percent of People with Each Score
Percentile by Number Answered
Your Score History
You have not taken this quiz